| 000 | 01062cam a22002291 4500 | ||
|---|---|---|---|
| 001 | gs 31000272 | ||
| 003 | DLC | ||
| 005 | 20260227111336.0 | ||
| 008 | 780912s1929 wiuab s000 0 eng | ||
| 010 | _ags 31000272 | ||
| 035 | _a(OCoLC)4218445 | ||
| 040 |
_aDLC _cAzU _dDLC |
||
| 042 | _apremarc | ||
| 050 | 0 | 0 |
_aQE179 _b.A2 no. 61c |
| 100 | 1 |
_aWhitson, A. R. _q(Andrew R.), _d1870-1945. |
|
| 245 | 1 | 0 |
_aSoil survey of Green Lake county, _cby A. R. Whitson, W. J. Geib, Homer Chapman, Oscar Magistad, F. J. O'Connell, T. J. Dunnewald and Kenneth Whitson of the Wisconsin Geological and natural history survey, and A. C. Anderson, E. H. Bailey and M. J. Edwards of the United States Department of agriculture. |
| 260 |
_a[Madison] _bThe State, _c1929 |
||
| 300 |
_a79 p. _bincl. illus., tables. fold. col. map. _c23 cm. |
||
| 490 | 0 |
_aWisconsin. Geological and natural history survey. Bulletin, _vno. 61c. Soil series, no. 41 |
|
| 500 | _aSoil survey in cooperation with the College of agriculture. | ||
| 650 | 0 |
_aSoil surveys _zWisconsin _zGreen Lake County. |
|
| 999 |
_c26920 _d26920 |
||